Demographic statistics : data 1960-99

Αποθηκεύτηκε σε:
Λεπτομέρειες βιβλιογραφικής εγγραφής
Συγγραφή απο Οργανισμό/Αρχή: European Commission
Μορφή: Βιβλίο
Γλώσσα:English
Δημοσίευση: Luxembourg : [s.l.] : Office for Official Publications of the European Communities, Eurostat, c1999
Θέματα:
Ετικέτες: Προσθήκη ετικέτας
Δεν υπάρχουν, Καταχωρήστε ετικέτα πρώτοι!

MARC

LEADER 00000cam a2200000 i 4500
001 1/10129
008 000830s1999 eng d
020 |a 92-828-7265-3 
035 |l 10063319 
040 |a GR-MY-UA  |b gre  |e aacr 
041 0 |a eng 
082 0 |a Π 304.6072 
110 2 |a European Commission. 
245 1 0 |a Demographic statistics :  |b data 1960-99 /  |c European Commision 
260 |a Luxembourg :   |a [s.l.] :   |b Office for Official Publications of the European Communities,   |b Eurostat,   |c c1999 
300 |a 267 p.;  |b πίν., διαγρ.;  |c 30 cm 
650 0 0 |a Demography  |x Statistics. 
650 0 0 |a Population  |x Statistics. 
852 |a INST  |b CHIOS  |e 20000830  |h 304.6072 EUR  |p 005200017680  |q 005200017680  |t REF  |y 23 
901 |a BIBL2-2000-2 
909 |a Χ  |b 076049 
970 |z 2000/08/ΣΟΦΙΑ